Instalaciones El‚ctricas. Conceptos b sicos y diseño / Neagu Bratu Serb n (Registro nro. 22083)

Detalles MARC
000 -LÍDER
fixed length control field 00590nam a2200181 4500
008 - ELEMENTOS DE LONGITUD FIJA -- INFORMACIÓN GENERAL
fixed length control field 01992 1995 0a 000 0MEX
020 ## - NÚMERO INTERNACIONAL NORMALIZADO PARA LIBROS
ISBN 970-15-0127-6
050 ## - SIGNATURA TOPOGRAFICA DE LA BIBLIOTECA DEL CONGRESO (LC)
Número de Clasificación TK3201 B824
082 ## - NUMERO DE CLASIFICACION DECIMAL DEWEY
Número de Clasificación 621.319 B257i
100 ## - ASIENTO PRINCIPAL--NOMBRE PERSONAL
Nombre personal Bratu Serb n, Neagu
245 ## - TÍTULO
Título Instalaciones El‚ctricas. Conceptos b sicos y diseño / Neagu Bratu Serb n
250 ## - MENCIÓN DE EDICIÓN
Mención de edición 2 / 15 reimp. 2011
260 ## - PUBLICACIÓN, DISTRIBUCIÓN, ETC. (PIE DE IMPRENTA)
Lugar de publicación, distribución, etc. México : Alfaomega
300 ## - DESCRIPCIÓN FÍSICA
Extensión xix, / 240p. / 23 cm.
500 ## - NOTA GENERAL
Nota general Incluye ap‚ndice
650 ## - ASIENTO SECUNDARIO DE MATERIA - TERMINO TEMÁTICO
Término temático o nombre geográfico como elemento de entrada 1. INSTALACIONES ELÉCTRICAS 2. LÍNEAS ELÉCTRICAS
700 ## - ASIENTO SECUNDARIO - NOMBRE PERSONAL
Nombre personal Campero Littlewood, Eduardo
Existencias
No. biblioteca No. biblioteca Número de clasificación Código de barras/Número de adquisición Número de copia Tipo de material
LUIS G. INCLAN LUIS G. INCLAN 621.319 B257i 29903 2 Libros
ÁREA DE ELECTROMECÁNICA LUIS G. INCLAN 621.319 B257i 28986 5 Libros
ÁREA DE ELECTROMECÁNICA ÁREA DE ELECTROMECÁNICA 621.319 B257i 52571 3 Libros
Calzada Tecnológico # 27, Zacatepec, Morelos.
01(734) 343-07-23 / 343-21-10 / 343-21-11
Apdo. Postal 45 C.P 62780